| 000 | 00377 a2200145 4500 | ||
|---|---|---|---|
| 020 | _a 849789331X | ||
| 040 |
_aDLC _bDLC |
||
| 082 | _a823.5 | ||
| 100 | _aSwift ,Jonathan . | ||
| 245 |
_aGulliver's Travels _cSwift, Jonathan |
||
| 260 |
_aBarcelona : _bMDS Books , _c2004 |
||
| 300 | _a314 p. | ||
| 650 | _a1.Voyages and travels--Fiction 2.Fantasy | ||
| 942 |
_cBK _k823.5 SWI _2ddc |
||
| 999 |
_c5279 _d5279 |
||